<?xml version="1.0" encoding="UTF-8"?>
<marc:record xmlns:marc="http://www.loc.gov/MARC21/slim">
   <marc:leader>00000nam a2200000 a 4500</marc:leader>
   <marc:datafield ind1="1" ind2=" " tag="100">
      <marc:subfield code="a">Harper, Jane</marc:subfield>
      <marc:subfield code="4">aut</marc:subfield>
      <marc:subfield code="e">Verfasser/-in</marc:subfield>
   </marc:datafield>
   <marc:datafield ind1="0" ind2="0" tag="245">
      <marc:subfield code="a">The dry</marc:subfield>
   </marc:datafield>
   <marc:datafield ind1="0" ind2="0" tag="245">
      <marc:subfield code="b">Thriller</marc:subfield>
   </marc:datafield>
   <marc:datafield ind1="0" ind2="0" tag="245">
      <marc:subfield code="c">Harper, Jane</marc:subfield>
   </marc:datafield>
   <marc:datafield ind1=" " ind2="1" tag="264">
      <marc:subfield code="a">Reinbek bei Hamburg</marc:subfield>
      <marc:subfield code="b">Rowohlt Polaris</marc:subfield>
      <marc:subfield code="c">2016</marc:subfield>
   </marc:datafield>
   <marc:datafield ind1=" " ind2=" " tag="250">
      <marc:subfield code="a">Deutsche Erstausgabe</marc:subfield>
   </marc:datafield>
   <marc:datafield ind1="1" ind2=" " tag="520">
      <marc:subfield code="a">Die schlimmste Dürre seit Jahrzehnten lastet wie heißes Blei auf dem ländlichen Städtchen Kiewarra mitten im Nirgendwo. Das Vieh der Farmer stirbt, die Menschen fürchten um ihre Existenz. Als Luke Hadler, seine Frau und ihr Sohn Billy erschossen aufgefunden werden, glauben alle, dass der Farmer durchgedreht ist und erweiterten Suizid begangen hat. Aber Sergeant Raco hat seine Zweifel. Aaron Falk kehrt nach zwanzig Jahren zum ersten Mal nach Kiewarra zurück - zur Beerdigung seines Jugendfreundes Luke. Bald brechen alte Wunden wieder auf; das Misstrauen wirft seine langen Schatten auf die Kleinstadt. Und in der Hitze steigt der Druck immer mehr... Auf der Shortlist für den Australian Indie Book Award Debut Fiction. Die Filmrechte für «The Dry» sicherte sich Hollywood-Star Reese Witherspoon. (Verlagstext)</marc:subfield>
   </marc:datafield>
   <marc:datafield ind1=" " ind2=" " tag="020">
      <marc:subfield code="a">9783499290268</marc:subfield>
      <marc:subfield code="9">9783499290268</marc:subfield>
   </marc:datafield>
   <marc:datafield ind1=" " ind2=" " tag="020">
      <marc:subfield code="a">349929026x</marc:subfield>
      <marc:subfield code="9">349929026x</marc:subfield>
   </marc:datafield>
   <marc:datafield ind1=" " ind2=" " tag="041">
      <marc:subfield code="a">ger</marc:subfield>
   </marc:datafield>
   <marc:datafield ind1=" " ind2=" " tag="338">
      <marc:subfield code="a">Band</marc:subfield>
   </marc:datafield>
   <marc:datafield ind1=" " ind2=" " tag="300">
      <marc:subfield code="a">380 Seiten</marc:subfield>
   </marc:datafield>
</marc:record>
